The Use of Accountability Reports and the Accountability Forum: Evidence from an Indonesian Local Government (Record no. 307955)
[ view plain ]
| 000 -LEADER | |
|---|---|
| fixed length control field | 00456nam a2200109Ia 4500 |
| 008 - FIXED-LENGTH DATA ELEMENTS--GENERAL INFORMATION | |
| fixed length control field | 170221s9999 xx 000 0 und d |
| 100 ## - MAIN ENTRY--PERSONAL NAME | |
| Personal name | Muhammad Hudaya |
| 245 #4 - TITLE STATEMENT | |
| Title | The Use of Accountability Reports and the Accountability Forum: Evidence from an Indonesian Local Government |
| 245 ## - TITLE STATEMENT | |
| Statement of responsibility, etc | Muhammad Hudaya, Ciorstan Smark, Ted Watts, and Parulian Silaen |
| 650 ## - SUBJECT ADDED ENTRY--TOPICAL TERM | |
| General subdivision | Business |
| 856 ## - ELECTRONIC LOCATION AND ACCESS | |
| Uniform Resource Identifier | <a href="http://ro.uow.edu.au/cgi/viewcontent.cgi?article=1630&context=aabfj">http://ro.uow.edu.au/cgi/viewcontent.cgi?article=1630&context=aabfj</a> |
| Withdrawn status | Lost status | Damaged status | Home library | Current library | Date acquired | Total Checkouts | Date last seen | Price effective from | Koha item type |
|---|---|---|---|---|---|---|---|---|---|
| College Library | College Library | 02/21/2017 | 02/21/2017 | 02/21/2017 | Foreign e-journal articles |